Normal view MARC view

Entry Personal Name

Number of records used in: 2

001 - CONTROL NUMBER

  • control field: 17851

003 - CONTROL NUMBER IDENTIFIER

  • control field: AUA.1

005 - DATE AND TIME OF LATEST TRANSACTION

  • control field: 20111216120441.0

008 - FIXED-LENGTH DATA ELEMENTS

  • fixed length control field: 111216|||a|||||| | ||| d

040 ## - CATALOGING SOURCE

  • Original cataloging agency: AUA.1
  • Transcribing agency: AUA.1

100 ## - HEADING--PERSONAL NAME

  • Personal name: Edts, David A. Hubbard, John D.W. Watts, Glenn W. Barker, Ralph P. Martin.

670 ## - SOURCE DATA FOUND

  • Source citation: Work cat.: (AUA.1): Craigie, Peter C. 17849, Word Biblical commentary:, 1983